Musical composition /

Bibliographic Details
Main Author: Brindle, Reginald Smith, 1917-2003
Format: Book
Language:English
Published: Oxford ; New York : Oxford University Press, 1986.
Subjects:

MARC

Tag First Indicator Second Indicator Subfields
LEADER 00000cam a2200000 a 4500
001 in00000020170
005 20180223101017.0
008 850712s1986 enka 00110 eng
010 |a  85015369  
020 |a 0193171082 
020 |a 0193171074 (pbk.) :  |c $9.95 
035 |a (OCoLC)12345023 
035 |9 AAB3006AM 
040 |a DLC  |c DLC  |d m/c  |d TXA  |d UtOrBLW 
049 |a TXAM  |c [A11059776] 
050 0 0 |a MT40  |b .B89 1986 
082 0 |a 781.6/1  |2 19 
100 1 |a Brindle, Reginald Smith,  |d 1917-2003. 
245 1 0 |a Musical composition /  |c Reginald Smith Brindle. 
264 1 |a Oxford ;  |a New York :  |b Oxford University Press,  |c 1986. 
300 |a viii, 188 pages :  |b illustrations ;  |c 24 cm. 
336 |a text  |b txt  |2 rdacontent 
337 |a unmediated  |b n  |2 rdamedia 
338 |a volume  |b nc  |2 rdacarrier 
500 |a Includes index. 
650 0 |a Composition (Music) 
999 |a MARS 
999 f f |s 0425caf0-ddd7-3358-b4fd-de23117d3322  |i 98bf76eb-166e-364c-bb59-e647c848f703  |t 0 
952 f f |p normal  |a Texas A&M University  |b College Station  |c Sterling C. Evans Library  |d Evans: Library Stacks  |t 0  |e MT40 .B89 1986  |h Library of Congress classification  |i unmediated -- volume  |m A14811059776 
998 f f |a MT40 .B89 1986  |t 0  |l Evans: Library Stacks